000 00420nam a2200121Ia 4500
008 160712s9999 xx 000 0 und d
100 _aGabriel, Nancy Kimuell.
245 _cNancy Kimuell Gabriel
_aAng Kababaihan ng Tundo Pagkatapos ng Digma
260 _c2015
_bDaluyan: Journal ng Wikang Filipino
300 _a no. 2
650 _xFILIPINO
856 _uhttp://journals.upd.edu.ph/index.php/djwf/issue/view/473/showToc
999 _c297010
_d297010